| 000 | 00638nam a2200181Ia 4500 | ||
|---|---|---|---|
| 008 | 100921s9999 xx 000 0 und d | ||
| 082 |
_b39116 _a954.792 न 04 |
||
| 100 | _aटिकेकर अरूण. | ||
| 245 | _aस्थल-काल. | ||
| 260 |
_bमौज प्रकाशन,मुंबई. _c2004 |
||
| 300 |
_a299 _bअक्षरधारा प्रदर्शन. |
||
| 365 | _b650 | ||
| 520 | _aइतिहास-महाराष्ट्र. | ||
| 630 | _aस्थल-काल. | ||
| 650 | _aइतिहास-महाराष्ट्र. | ||
| 730 | _aस्थल-काल. | ||
| 942 | _cBOOK | ||
| 999 |
_c788229 _d788226 |
||